Insolventnosť podnikateľských subjektov
Právna problematika finančných problémov či zadlženosti podnikateľského subjektu – insolventnosť či insolvencia, resp. v slovenskej legislatíve definované pod právnym pojmom úpadok, ktorý zahŕňa platobnú neschopnosť a predlženie, vymedzenom v zákone č. 7/2005 Z. z. o konkurze a reštrukturalizácii. P...
Saved in:
| Main Author: | |
|---|---|
| Format: | Book Chapter |
| Language: | Slovak |
| Subjects: | |
| Tags: |
No Tags, Be the first to tag this record!
|
MARC
| LEADER | 00000naa a2200000 4500 | ||
|---|---|---|---|
| 001 | 0277576 | ||
| 005 | 20210728221617.8 | ||
| 041 | 0 | |a slo | |
| 044 | |a SK | ||
| 245 | 1 | 0 | |a Insolventnosť podnikateľských subjektov |c Stanislava Žáková |
| 520 | |a Právna problematika finančných problémov či zadlženosti podnikateľského subjektu – insolventnosť či insolvencia, resp. v slovenskej legislatíve definované pod právnym pojmom úpadok, ktorý zahŕňa platobnú neschopnosť a predlženie, vymedzenom v zákone č. 7/2005 Z. z. o konkurze a reštrukturalizácii. Priblíženie pojmov úpadok, predlženie, konkurz, malý konkurz a reštrukturalizácia, s ich právnymi priebehmi. | ||
| 610 | 2 | 0 | |a úpadok podniku |
| 610 | 2 | 0 | |a insolventnosť |
| 610 | 2 | 0 | |a reštrukturalizácia |
| 610 | 2 | 0 | |a konkurzy |
| 610 | 2 | 0 | |a dlžníci |
| 610 | 2 | 0 | |a pohľadávky |
| 610 | 2 | 0 | |a veritelia |
| 610 | 2 | 0 | |a zákony |
| 610 | 2 | 0 | |a legislatíva |
| 100 | 1 | |a Žáková, Stanislava | |